L'estimation du risque pour la santé de la personne conditionnée par la constitution chimique de l'eau; Коммуникативные аспекты языка и культуры; Ч. 3
| Parent link: | Коммуникативные аспекты языка и культуры: сборник материалов XIV Международной научно-практической конференции студентов и молодых ученых, г. Томск, 21-23 мая 2014 г./ Национальный исследовательский Томский политехнический университет (ТПУ), Институт международного образования и языковой коммуникации (ИМОЯК) ; под ред. С. А. Песоцкой.— , 2014 Ч. 3.— 2014.— [P. 155-159] |
|---|---|
| Yazar: | |
| Müşterek Yazar: | |
| Diğer Yazarlar: | , , |
| Özet: | Заглавие с титульного экрана |
| Dil: | Fransızca |
| Baskı/Yayın Bilgisi: |
2014
|
| Seri Bilgileri: | Специализированные области культуры как предмет изучения страноведения |
| Konular: | |
| Online Erişim: | http://earchive.tpu.ru/handle/11683/21455 http://www.lib.tpu.ru/fulltext/c/2014/C77/V3/039.pdf |
| Materyal Türü: | Elektronik Kitap Bölümü |
| KOHA link: | https://koha.lib.tpu.ru/cgi-bin/koha/opac-detail.pl?biblionumber=609993 |
MARC
| LEADER | 00000naa2a2200000 4500 | ||
|---|---|---|---|
| 001 | 609993 | ||
| 005 | 20260330160627.0 | ||
| 035 | |a (RuTPU)RU\TPU\conf\7549 | ||
| 035 | |a RU\TPU\conf\7547 | ||
| 090 | |a 609993 | ||
| 100 | |a 20141218d2014 k y0rusy50 ba | ||
| 101 | 0 | |a fre | |
| 102 | |a RU | ||
| 135 | |a drcn ---uucaa | ||
| 181 | 0 | |a i | |
| 182 | 0 | |a b | |
| 200 | 1 | |a L'estimation du risque pour la santé de la personne conditionnée par la constitution chimique de l'eau |f K. S. Yankovitch, V. E. Belyaeva |g direct. sciet. N. A. Osipova, E. P. Yankovitch | |
| 203 | |a Текст |c электронный | ||
| 225 | 1 | |a Специализированные области культуры как предмет изучения страноведения | |
| 300 | |a Заглавие с титульного экрана | ||
| 320 | |a [Ref.: p. 159 (3 tit.)] | ||
| 337 | |a Adobe Reader | ||
| 461 | 1 | |0 (RuTPU)RU\TPU\conf\7313 |t Коммуникативные аспекты языка и культуры |o сборник материалов XIV Международной научно-практической конференции студентов и молодых ученых, г. Томск, 21-23 мая 2014 г. |o в 3 ч. |f Национальный исследовательский Томский политехнический университет (ТПУ), Институт международного образования и языковой коммуникации (ИМОЯК) ; под ред. С. А. Песоцкой |d 2014 | |
| 463 | 0 | |0 (RuTPU)RU\TPU\conf\7320 |t Ч. 3 |v [P. 155-159] |d 2014 | |
| 610 | 1 | |a труды учёных ТПУ | |
| 610 | 1 | |a электронный ресурс | |
| 610 | 1 | |a риски | |
| 610 | 1 | |a здоровье | |
| 610 | 1 | |a химический состав | |
| 610 | 1 | |a воды | |
| 610 | 1 | |a окружающая среда | |
| 610 | 1 | |a химические компоненты | |
| 610 | 1 | |a почва | |
| 610 | 1 | |a атмосферный воздух | |
| 610 | 1 | |a загрязнения | |
| 610 | 1 | |a безопасность | |
| 700 | 1 | |a Yankovitch |b K. S. | |
| 701 | 1 | |a Belyaeva |b V. E. |c linguist |c Lecturer of Tomsk Polytechnic University |f 1988- |g Valeriya Evgenievna |3 (RuTPU)RU\TPU\pers\32464 | |
| 702 | 1 | |a Osipova |b N. A. |c geochemist and geoecologist |c Associate Professor of Tomsk Polytechnic University, Candidate of chemical sciences |f 1958- |g Nina Aleksandrovna |4 727 | |
| 702 | 1 | |a Yankovitch |b E. P. |c le geologue |c maître de conférences Université Polytechnique de Tomsk |f 1967- |g Elena Petrovna |4 727 | |
| 712 | 0 | 2 | |a Национальный исследовательский Томский политехнический университет |c (2009- ) |9 26305 |
| 801 | 2 | |a RU |b 63413507 |c 20210917 |g RCR | |
| 850 | |a 63413507 | ||
| 856 | 4 | |u http://earchive.tpu.ru/handle/11683/21455 | |
| 856 | 4 | |u http://www.lib.tpu.ru/fulltext/c/2014/C77/V3/039.pdf | |
| 942 | |c BK | ||